Statistics for Fabric patterns image quiz

Click here to take the quiz!

General Stats

  • This quiz has been taken 42 times
  • The average score is 8 of 12

Answer Stats

Answer% Correct
Polka dot
92%
Check
89%
Stripes
89%
Paisley
81%
Tie dye
76%
Gingham
73%
Camouflage
73%
Argyle
59%
Houndstooth
59%
Herringbone
38%
Honeycomb
35%
Damask
8%

Score Distribution

Percentile by Number Answered

Percent of People with Each Score

Your Score History

You have not taken this quiz